| 000 | 00652nam a2200277Ia 4500 | ||
|---|---|---|---|
| 008 | 160803s9999 xx 000 0 und d | ||
| 020 | _a9780545669748 | ||
| 100 | _aGeorge, Jessica Day | ||
| 245 | _aPrincess of the Midnight Ball / | ||
| 245 | _cJessica Day George. | ||
| 260 | _aNew York : | ||
| 260 | _bScholastic Inc. | ||
| 260 | _c2009 | ||
| 300 | _a280 pages ; | ||
| 300 | _c22 cm | ||
| 650 | _aDance -- | ||
| 650 | _aFairy tales. | ||
| 650 | _aMagic -- | ||
| 650 | _aPrincesses -- | ||
| 650 | _aSoldiers -- | ||
| 650 | _xFiction. | ||
| 650 | _xFiction. | ||
| 650 | _xFiction. | ||
| 650 | _xFiction. | ||
| 700 | _a830 | ||
| 999 |
_c299799 _d299799 |
||